What's It Stand For? IV Quiz Stats

 Plays Quiz Updated Oct 8, 2018

Challenge
Share
Tweet
Embed
Score 0/72 Timer 10:00
5 Plays Today
% Correct
Federal
95.9%
(of) Investigation
92.2%
Car
89.3%
Bureau
88.6%
British
88.2%
National
87.5%
Friday
87.2%
Thank
87%
Goodness
87%
It's
87%
Broadcasting
83.4%
Racing
79.5%
Association
75.6%
United
74.2%
out
72.7%
with-
71.9%
Leave
71.4%
American
69.8%
Corporation
65.2%
Absent
64.7%
Nations
62%
Weapon
59.6%
(of) Mass
59.6%
Destruction
59.4%
Cardio-
55.8%
Auto
53.7%
Organization
53.5%
All
52.4%
Pulmonary
51.9%
(for) Stock
51.8%
of
47.9%
up
47.4%
Fouled
46.1%
Beyond
45.8%
Recognition
44.7%
Resuscitation
42.8%
% Correct
Gay
41.4%
International
41.3%
(and) Lesbian
41.1%
Air
38.4%
Force
38.1%
Royal
38%
Federation
36.8%
Language
32%
English
31.5%
(of) Labor
30.2%
Union
28.7%
(as a) Foreign
28.4%
Against
26.4%
Test
22.2%
Alliance
21%
Australian
14.2%
Persons
13.9%
Scientific
13.5%
Defamation
13.2%
Educational,
11.3%
(of) Industrial
11.3%
(and) Cultural
11.1%
(and) Congress
9.4%
Chemistry
9.1%
Interface
8.9%
Computer
8.7%
System
8.6%
Organizations
8.5%
Living
7.3%
Sex
7.2%
Quarters
7.1%
(of the) Opposite
6.8%
Sharing
6.6%
(and) Applied
6.4%
(of) Pure
5.7%
Small
5%

You're not logged in!

Compare scores with friends on all Sporcle quizzes.
Join for Free
OR
Log In

You Might Also Like...

Show Comments

Extras

Top Quizzes Today


Score Distribution

Your Account Isn't Verified!

In order to create a playlist on Sporcle, you need to verify the email address you used during registration. Go to your Sporcle Settings to finish the process.

Report this User

Report this user for behavior that violates our Community Guidelines.

Details: